Radon investigations in the Czech Republic ... and the ... international workshop on the Geological Aspects of Radon Risk Mapping

Other Authors: International Workshop on the Geological Aspects of Radon Risk Mapping
Language: English
Published: Prague : Czech Geological Survey, 1996-
Physical Description: ^^^svazků ; 29 cm
Subscribed volumes: 1996-2002, 2006, 2010-14(2018)-
Newspaper or Journal
Saved in:
LEADER 03066nas a22006012i 4500
001 000107656
003 CZ BrMZK
005 20190103103451.0
007 ta
008 010907c19969999xr gr eng d
040 |a BOA001  |b cze  |e rda 
072 7 |a 528  |x Geodezie. Kartografie  |2 Konspekt  |9 7 
080 |a 546.296(063)  |2 MRF 
080 |a 504.5  |2 MRF 
080 |a 55:504.4  |2 MRF 
080 |a (062.534)  |2 MRF 
111 2 |a International Workshop on the Geological Aspects of Radon Risk Mapping  |7 kn20061114012  |4 aut 
245 1 0 |a Radon investigations in the Czech Republic ... and the ... international workshop on the Geological Aspects of Radon Risk Mapping 
246 3 0 |a Geological Aspects of Radon Risk Mapping 
264 1 |a Prague :  |b Czech Geological Survey,  |c 1996- 
300 |a ^^^svazků ;  |c 29 cm 
310 |a 1x za 2 roky 
336 |a text  |b txt  |2 rdacontent 
337 |a bez média  |b n  |2 rdamedia 
338 |a svazek  |b nc  |2 rdacarrier 
500 |a Jednotl. sv. mají vlast. ISBN 
541 |c pv-r 
580 |a Číslování akce pokračuje, sborník byl dříve součástí pub. Radon Investigations in the Czech Republic ..., samost. vychází od r. 2010 
650 0 7 |a geologické mapování  |7 ph202528  |2 czenas 
650 0 7 |a radon  |7 ph124996  |2 czenas 
650 0 7 |a znečišťující látky  |7 ph135507  |2 czenas 
650 0 7 |a geologická rizika  |7 ph286381  |2 czenas 
653 0 |a radiologie  |a radon 
902 |a 80-7075-585-7  |q (2002) 
902 |a 80-7075-661-6  |q (2006) 
902 |a 978-80-7075-754-3  |q (2010 :  |q brožováno) 
902 |a 978-80-7075-789-5  |q (2012 :  |q brožováno) 
902 |a 978-80-01-05548-9  |q (2014 :  |q brožováno) 
902 |a 978-80-01-06493-1  |q (2018 :  |q brožováno) 
910 |a BOA001  |b 4-1027.133  |s 1996-2002, 2006, 2010-14(2018)- 
952 |a e-xr-pg 
964 |a Radon  |x nebezpečí  |x mapování  |x aspekty geologické  |x sborníky 
990 |a SE 
991 |b 201901 
996 6 |b 2610044940  |c 4-1027.133  |d 1996  |y 1996  |l MZK  |r Sklad / do 1 hodiny  |n 0  |w 000107656  |u 000010  |a 1  |e BOA001  |j MZK50  |s P 
996 6 |b 2610079534  |c 4-1027.133  |d 1998  |y 1998  |l MZK  |r Sklad / do 1 hodiny  |n 0  |w 000107656  |u 000020  |a 1  |e BOA001  |j MZK50  |s P 
996 6 |b 2610129900  |c 4-1027.133  |d 2000  |y 2000  |l MZK  |r Sklad / do 1 hodiny  |n 0  |p p.v.  |w 000107656  |u 000030  |a 1  |e BOA001  |j MZK50  |s P 
996 6 |b 2610178950  |c 4-1027.133  |d 2002  |y 2002  |l MZK  |r Sklad / do 1 hodiny  |n 1  |p p.v.  |w 000107656  |u 000040  |a 1  |e BOA001  |j MZK50  |s P 
996 6 |b 2610289109  |c 4-1027.133  |d 2006  |y 2006  |l MZK  |r Sklad / do 1 hodiny  |n 0  |p p.v.  |w 000107656  |u 000050  |a 1  |e BOA001  |j MZK50  |s P 
996 6 |b 2610443031  |c 4-1027.133  |d 2010  |v 2010  |y 2010  |l MZK  |r Sklad / do 1 hodiny  |n 0  |p p.v.  |w 000107656  |u 000060  |a 1  |e BOA001  |j MZK50  |s P 
996 6 |b 2610516804  |c 4-1027.133  |d 2012 11  |v 11  |y 2012  |l MZK  |r Sklad / do 1 hodiny  |n 0  |p p.v.  |w 000107656  |u 000070  |a 1  |e BOA001  |j MZK50  |s P 
996 6 |b 2610603850  |c 4-1027.133  |d 2014 12  |v 12  |y 2014  |l MZK  |r Sklad / do 1 hodiny  |n 0  |p p.v.  |w 000107656  |u 000080  |a 1  |e BOA001  |j MZK50  |s P 
996 6 |b 2610766160  |c 4-1027.133  |d 2018 14  |v 14  |y 2018  |l MZK  |r Sklad / do 1 hodiny  |n 0  |p p.v.  |w 000107656  |u 000090  |a 1  |e BOA001  |j MZK50  |s P